Strömungen mit chemischen Reaktionen

Saved in:
Bibliographic Details
Main Authors: Warnatz, Jürgen (Author) , Riedel, Uwe (Author)
Format: Chapter/Article
Language:German
Published: 2002
In: Prandtl - Führer durch die Strömungslehre
Year: 2002, Pages: 477-546
Online Access: Get full text
Author Notes:J. Warnatz, U. Riedel

MARC

LEADER 00000caa a22000002c 4500
001 1562518607
003 DE-627
005 20241205115054.0
007 tu
008 170817s2002 xx ||||| 00| ||ger c
035 |a (DE-627)1562518607 
035 |a (DE-576)492518602 
035 |a (DE-599)BSZ492518602 
035 |a (OCoLC)1340978536 
040 |a DE-627  |b ger  |c DE-627  |e rda 
041 |a ger 
084 |a 29  |2 sdnb 
100 1 |a Warnatz, Jürgen  |d 1944-2007  |0 (DE-588)1049426592  |0 (DE-627)781931495  |0 (DE-576)163479976  |4 aut 
245 1 0 |a Strömungen mit chemischen Reaktionen  |c J. Warnatz, U. Riedel 
264 1 |c 2002 
300 |a 60 
336 |a Text  |b txt  |2 rdacontent 
337 |a ohne Hilfsmittel zu benutzen  |b n  |2 rdamedia 
338 |a Band  |b nc  |2 rdacarrier 
700 1 |a Riedel, Uwe  |e VerfasserIn  |0 (DE-588)1015280277  |0 (DE-627)705359980  |0 (DE-576)350402906  |4 aut 
773 0 8 |i Enthalten in  |t Prandtl - Führer durch die Strömungslehre  |b 11., überarbeitete und erweiterte Auflage  |d Braunschweig : Vieweg, 2002  |g (2002), Seite 477-546  |h XIII, 704 Seiten  |w (DE-627)354650866  |w (DE-576)10201499X  |z 3528482095  |7 nnam  |a Strömungen mit chemischen Reaktionen 
773 1 8 |g year:2002  |g pages:477-546  |g extent:60  |a Strömungen mit chemischen Reaktionen 
951 |a AR 
992 |a 20170817 
993 |a BookComponentPart 
994 |a 2002 
998 |g 1015280277  |a Riedel, Uwe  |m 1015280277:Riedel, Uwe  |d 700000  |d 708000  |e 700000PR1015280277  |e 708000PR1015280277  |k 0/700000/  |k 1/700000/708000/  |p 2  |y j 
998 |g 1049426592  |a Warnatz, Jürgen  |m 1049426592:Warnatz, Jürgen  |d 700000  |d 708000  |e 700000PW1049426592  |e 708000PW1049426592  |k 0/700000/  |k 1/700000/708000/  |p 1  |x j 
999 |a KXP-PPN1562518607  |e 2977905561 
BIB |a Y 
JSO |a {"origin":[{"dateIssuedKey":"2002","dateIssuedDisp":"2002"}],"name":{"displayForm":["J. Warnatz, U. Riedel"]},"type":{"bibl":"chapter"},"recId":"1562518607","person":[{"family":"Warnatz","role":"aut","given":"Jürgen","display":"Warnatz, Jürgen"},{"role":"aut","display":"Riedel, Uwe","given":"Uwe","family":"Riedel"}],"relHost":[{"language":["ger"],"recId":"354650866","origin":[{"editionNo":"11","dateIssuedDisp":"Oktober 2002","publisherPlace":"Braunschweig ; Wiesbaden","publisher":"Vieweg","dateIssuedKey":"2002","edition":"11., überarbeitete und erweiterte Auflage"}],"name":{"displayForm":["Herbert Oertel jr. (Hrsg.) ; bearbeitet von Martin Böhle, Dieter Etling, Ulrich Müller, Uwe Riedel, Katepalli R. Sreenivasan, Jürgen Warnatz"]},"type":{"bibl":"edited-book"},"title":[{"title":"Prandtl - Führer durch die Strömungslehre","subtitle":"Grundlagen und Phänomene","title_sort":"Prandtl - Führer durch die Strömungslehre"}],"note":["Literaturverzeichnis: Seite 667-691"],"disp":"Strömungen mit chemischen ReaktionenPrandtl - Führer durch die Strömungslehre","part":{"extent":"60","year":"2002","text":"(2002), Seite 477-546","pages":"477-546"},"id":{"isbn":["3528482095"],"eki":["354650866"]},"physDesc":[{"extent":"XIII, 704 Seiten","noteIll":"Illustrationen, Diagramme"}],"person":[{"family":"Oertel","role":"edt","display":"Oertel, Herbert","given":"Herbert"},{"role":"fon","display":"Prandtl, Ludwig","given":"Ludwig","family":"Prandtl"},{"role":"aut","given":"Martin","display":"Böhle, Martin","family":"Böhle"},{"role":"aut","given":"Dieter","display":"Etling, Dieter","family":"Etling"},{"family":"Müller","role":"aut","display":"Müller, Ulrich","given":"Ulrich"},{"family":"Riedel","display":"Riedel, Uwe","given":"Uwe","role":"aut"},{"family":"Sreenivasan","role":"aut","given":"Katepalli R.","display":"Sreenivasan, Katepalli R."},{"role":"aut","given":"Jürgen","display":"Warnatz, Jürgen","family":"Warnatz"}],"titleAlt":[{"title":"Führer durch die Strömungslehre"}]}],"title":[{"title_sort":"Strömungen mit chemischen Reaktionen","title":"Strömungen mit chemischen Reaktionen"}],"id":{"eki":["1562518607"]},"language":["ger"],"physDesc":[{"extent":"60 S."}]} 
SRT |a WARNATZJUESTROEMUNGE2002